Vincitori Premio della Sala Stampa del Festival di Sanremo - Statistics

Statistiche generali
  • Questo quiz è stato fatto 44 volte
    28 dall'ultimo reset
  • Il punteggio medio è 21 su 24
Statistiche sulle risposte
Anno Vincitore Premio della Sala Stampa Canzone vincitrice % Corretto
2001 Elisa Luce (tramonti a nord est)
100%
2024 Angelina Mango La noia
94%
2012 Arisa La notte
94%
2021 Colapesce Dimartino Musica leggerissima
94%
2023 Colapesce Dimartino Splash
94%
2020 Diodato Fai rumore
94%
2005 Francesco Renga Angelo
94%
2022 Gianni Morandi Apri tutte le porte
94%
2004 Marco Masini L'uomo volante
94%
2007 Simone Cristicchi Ti regalerò una rosa
94%
2003 Alexia Per dire di no
88%
2002 Daniele Silvestri Salirò
88%
2019 Daniele Silvestri Argentovivo
88%
2017 Fiorella Mannoia Che sia benedetta
88%
2016 Stadio Un giorno mi dirai
88%
2013 Elio e le Storie Tese La canzone mononota
81%
2018 Lo Stato Sociale Una vita in vacanza
81%
2015 Nek Fatti avanti amore
81%
2006 Nomadi Dove si va
81%
2009 Povia Luca era gay
81%
2011 Roberto Vecchioni Chiamami ancora amore
81%
2010 Malika Ayane Ricomincio da qui
75%
2008 Loredana Bertè Musica e parole
69%
2014 Perturbazione L'unica
44%
Nessun quiz corrispondente trovato
Distribuzione punteggi
Percentuale di utenti per punteggio
Percentile per numero di risposta
I tuoi punteggi nel tempo
Non hai fatto questo quiz dall'ultimo reset